00676nam a22001457a 4500003000900000005001700009008004100026040001300067100002600080245008300106250001200189260005600201300001700257520025600274IT-RoPau20220918181108.0130624b xxu||||| |||| 00| 0 eng d cIT-RoPau aCarrara, Angiolamaria aNatura e grazia in Juan AlfarobDissertazione di Licenza in Teologia Dogmatica a1° ed. aRomabPontificia Università Gregorianac1985-1986 a79 p.c30 cm aINDICE GENERALE Introduzione; Capitolo primo: L'uomo nella trascendenza e immanenza della grazia, come creatura intellettuale; Capitolo secondo: L'uomo destinato alla visione; Capitolo terzo: La finalità dell'uomo; Conclusione; Bibliografia; Indice.